Z Trevisa do Brtnice / Da Treviso a Brtnice Příběhy šlechtického rodu Collalto ukryté v českých archivech (katalog výstavy) / Storie della famiglia nobile dei Collalto nascoste negli archivi cechi (catalogo della mostra)
Saved in:
| Main Author | |
|---|---|
| Other Authors | , , , , , , , , , , , , , , , , , , , |
| Format | Electronic eBook |
| Language | Czech |
| Published |
Masarykova univerzita
2019
|
| Edition | 1. elektronické vydání |
| Subjects | |
| Online Access | Dostupné v BOOKPORT po přihlášení pomocí eduID |
| ISBN | 978-80-210-9380-5 978-80-210-9182-5 |
| Physical Description | 1 online zdroj (229 stran) |
| LEADER | 00000nam a2200000 i 4500 | ||
|---|---|---|---|
| 001 | bkp394384881 | ||
| 003 | CZ-prgp | ||
| 005 | 20191205172016.0 | ||
| 006 | m o d | ||
| 007 | cr cn | ||
| 008 | 191205s2019 xr o 000 0 cze | ||
| 020 | |a 978-80-210-9380-5 |c 336 Kč |q (online ; pdf) | ||
| 020 | |a 978-80-210-9182-5 |c 395 Kč |q (print) | ||
| 040 | |a Grada |b cze |e rda | ||
| 100 | 1 | |a Šárka, Bačová | |
| 245 | 1 | 0 | |a Z Trevisa do Brtnice / Da Treviso a Brtnice |b Příběhy šlechtického rodu Collalto ukryté v českých archivech (katalog výstavy) / Storie della famiglia nobile dei Collalto nascoste negli archivi cechi (catalogo della mostra) |c Bačová Šárka, (ed.) Stanislav Bárta, Černušák Tomáš, (ed.) Petr Elbel, Firon Martin, Ježová Lucie, Kalendová Kristýna, Kučerová Tereza, Lazorík Eduard, Lišková Tereza, Mikešová Irena, Moučková Miluše, Pecha Leoš, (ed.) Ondřej Schmidt, Srnková Jana, Suskiová Natálie, Sychra Petr, Šrolerová Lenka, Šturala Jan, Váša Radek, Vetterová Šárka |
| 250 | |a 1. elektronické vydání | ||
| 264 | 1 | |b Masarykova univerzita |c 2019 | |
| 300 | |a 1 online zdroj (229 stran) | ||
| 336 | |a text |b txt |2 rdacontent | ||
| 337 | |a počítač |b c |2 rdamedia | ||
| 338 | |a online zdroj |b cr |2 rdacarrier | ||
| 520 | 3 | |a Výstava "Z Trevisa do Brtnice" přibližuje osudy italského šlechtického rodu Collaltů od 10. století, kdy se jeho nejstarší předkové stali hrabaty z Trevisa, přes vrcholný a pozdní středověk, v němž se těžiště rodové moci přesunulo na venkovská panství Collalto a San Salvatore v oblasti středního toku Piavy, až po raný novověk, kdy se Collaltové uplatnili jako kondotiéři na bojištích celé Evropy. Slavnému habsburskému generálu Rambaldovi XIII. Collalto se roku 1623 podařilo získat zkonfiskované panství Brtnice a založit zde moravskou větev rodu. Výstava i její katalog prezentují rodové dějiny prostřednictvím dobových písemností: listin, notářských instrumentů, rodokmenů i dalších archiválií, které jsou uloženy v Moravském zemském archivu v Brně a ve Státním okresním archivu v Rokycanech. | |
| 650 | 0 | 4 | |a Dějiny |
| 700 | 1 | |a (ed.) Stanislav Bárta | |
| 700 | 1 | |a Černušák Tomáš | |
| 700 | 1 | |a (ed.) Petr Elbel | |
| 700 | 1 | |a Firon Martin | |
| 700 | 1 | |a Ježová Lucie | |
| 700 | 1 | |a Kalendová Kristýna | |
| 700 | 1 | |a Kučerová Tereza | |
| 700 | 1 | |a Lazorík Eduard | |
| 700 | 1 | |a Lišková Tereza | |
| 700 | 1 | |a Mikešová Irena | |
| 700 | 1 | |a Moučková Miluše | |
| 700 | 1 | |a Pecha Leoš | |
| 700 | 1 | |a (ed.) Ondřej Schmidt | |
| 700 | 1 | |a Srnková Jana | |
| 700 | 1 | |a Suskiová Natálie | |
| 700 | 1 | |a Sychra Petr | |
| 700 | 1 | |a Šrolerová Lenka | |
| 700 | 1 | |a Šturala Jan | |
| 700 | 1 | |a Váša Radek | |
| 700 | 1 | |a Vetterová Šárka | |
| 856 | 4 | 0 | |u https://www.bookport.cz/AccountSaml/SignIn/?idp=https://shibboleth.utb.cz/idp/shibboleth&returnUrl=/kniha/z-trevisa-do-brtnice-da-treviso-a-brtnice-5971/ |y Dostupné v BOOKPORT po přihlášení pomocí eduID |